Archer at large /

Bibliographic Details
Main Author: Macdonald, Ross, 1915-1983
Format: Book
Language:English
Published: New York : Knopf, [1970]
Edition:[1st ed.].
Subjects:

MARC

Tag First Indicator Second Indicator Subfields
LEADER 00000cam a2200000 4500
001 in00001243713
005 20151003071043.0
008 700626s1970 nyu 000 1 eng
010 |a  72106620  
019 |a 03864251  |a 11237445 
035 |a (OCoLC)00081722 
035 |9 AGT3491AM 
037 |c 7.95 
040 |a DLC  |c DLC  |d TXA  |d UtOrBLW 
049 |a TXAM 
050 0 0 |a PZ3.M59943  |b An  |a PS3525.I486 
082 0 0 |a 813/.5/2 
090 |a PS3525.I486  |b A74 1970 
100 1 |a Macdonald, Ross,  |d 1915-1983. 
245 1 0 |a Archer at large /  |c by Ross Macdonald ; with a foreword by the author. 
250 |a [1st ed.]. 
264 1 |a New York :  |b Knopf,  |c [1970] 
264 4 |c ©1970 
300 |a xi, 626 pages ;  |c 22 cm. 
336 |a text  |b txt  |2 rdacontent 
337 |a unmediated  |b n  |2 rdamedia 
338 |a volume  |b nc  |2 rdacarrier 
500 |a "A Borzoi book." 
505 0 |a The Galton case.--The Chill.--Black money. 
650 0 |a Archer, Lew (Fictitious character)  |v Fiction. 
650 0 |a Private investigators  |z California  |v Fiction. 
650 0 |a Detective and mystery stories, American. 
999 |a MARS 
999 f f |s aa772de9-5b61-3fc4-8d2a-d5e9df62afd3  |i 96783611-36ff-3209-b0f5-2290b98f8c5c  |t 0 
952 f f |p ric  |a Texas A&M University  |b Rellis Campus  |c Joint Library Facility  |d Remote Storage  |t 0  |e PS3525.I486 A74 1970  |h Library of Congress classification  |i unmediated -- volume  |m A14820142489 
998 f f |a PS3525.I486 A74 1970  |t 0  |l Remote Storage